| 000 | 02251nam0a2200373 4500 | ||
|---|---|---|---|
| 001 | RU\NLR\bibl\1837552 | ||
| 005 | 20260406135947.0 | ||
| 010 |
_a978-5-98187-839-8 _9500 |
||
| 035 | _a(NLR Aleph) 001828025 | ||
| 090 |
_a2098674 _c2098674 |
||
| 100 | _a20111122d2011 |||y0rusy50 ca | ||
| 101 | 0 | _arus | |
| 102 | _aRU | ||
| 105 | _ay ||||||||| | ||
| 200 | 1 |
_aМ.В. Ломоносов и его литературные отношения в Академии наук _eиз истории русской литературы и просвещения середины XVIII века _e[к 300-летнему юбилею М.В. Ломоносова] _fЛ.Б. Модзалевский _gС.-Петерб. фил. Архива Рос. акад. наук |
|
| 210 |
_aСанкт-Петербург _cНестор-История _d2011 |
||
| 215 |
_a379 с., [17] л. портр., факс. _d25 |
||
| 225 | 1 |
_aAd Fontes _eматериалы и исследования по истории науки _vвып. 1 |
|
| 320 | _aБиблиогр. указ. основной лит., относящейся к жизни и деятельности М.В. Ломоносова: с. 333-344 (218 назв.) | ||
| 320 | _aБиблиогр. в конце глав и в подстроч. примеч. | ||
| 320 | _aУказ. имен: с. 369-377 | ||
| 600 | 1 |
_aЛомоносов _bМ.В. _f1711 - 1765 _gМихаил Васильевич _xЛитературно-эстетические взгляды _91524188 _3RU\NLR\auth\66663009 |
|
| 600 | 1 |
_aЛомоносов _bМ.В. _f1711 - 1765 _gМихаил Васильевич _xи русская литература _91525048 _3RU\NLR\auth\66663489 |
|
| 686 | _aШ5(2=Р)4-4Ломоносов33 | ||
| 686 | _aШ5(2=Р)4-4Ломоносов417 | ||
| 686 | _aЧ213(2)4-8Ломоносов | ||
| 700 | 1 |
_4070 _8rus _7ca _aМодзалевский _bЛ. Б. _f1902-1948 _gЛев Борисович _3RU\NLR\auth\7748475 _931410 |
|
| 702 | 1 |
_4570 _8rus _7ca _aЛомоносов _bМ. В. _f1711-1765 _gМихаил Васильевич _3RU\NLR\auth\772859 _9112866 |
|
| 801 | 0 |
_aRU _bNLR _c20111122 _gRCR |
|
| 801 | 1 |
_aRU _bNLR _c20111122 |
|
| 830 | _aлица по кн. | ||
| 942 | _cBOOK | ||
| 980 | _aNB | ||